<?xml version="1.0" encoding="UTF-8"?>
<record
    xmlns:xsi="http://www.w3.org/2001/XMLSchema-instance"
    xsi:schemaLocation="http://www.loc.gov/MARC21/slim http://www.loc.gov/standards/marcxml/schema/MARC21slim.xsd"
    xmlns="http://www.loc.gov/MARC21/slim">

  <leader>01272nam a22002657a 4500</leader>
  <datafield tag="952" ind1=" " ind2=" ">
    <subfield code="0">0</subfield>
    <subfield code="1">0</subfield>
    <subfield code="4">0</subfield>
    <subfield code="7">0</subfield>
    <subfield code="a">22</subfield>
    <subfield code="b">22</subfield>
    <subfield code="d">2014-07-31</subfield>
    <subfield code="e">Promotora NARO</subfield>
    <subfield code="l">0</subfield>
    <subfield code="o">LB45 B47 2000</subfield>
    <subfield code="p">17 001662</subfield>
    <subfield code="r">2024-07-11</subfield>
    <subfield code="t">1</subfield>
    <subfield code="w">2014-07-31</subfield>
    <subfield code="y">LB</subfield>
  </datafield>
  <datafield tag="999" ind1=" " ind2=" ">
    <subfield code="c">93334</subfield>
    <subfield code="d">93334</subfield>
  </datafield>
  <controlfield tag="005">20231102151706.0</controlfield>
  <controlfield tag="008">140731s2000    mx a|||| |||| 00| 0 spa d</controlfield>
  <datafield tag="020" ind1=" " ind2=" ">
    <subfield code="a">9789688534366</subfield>
  </datafield>
  <datafield tag="020" ind1=" " ind2=" ">
    <subfield code="a">9688534366</subfield>
  </datafield>
  <datafield tag="050" ind1="1" ind2="4">
    <subfield code="a">LB45</subfield>
    <subfield code="b">B47 2000</subfield>
  </datafield>
  <datafield tag="100" ind1="1" ind2=" ">
    <subfield code="a">Bertely Busquets, Mar&#xED;a</subfield>
    <subfield code="e">autor</subfield>
  </datafield>
  <datafield tag="245" ind1="1" ind2="0">
    <subfield code="a">Conociendo nuestras escuelas</subfield>
    <subfield code="b">: Un acercamiento etnogr&#xE1;fico a la cultura escolar</subfield>
    <subfield code="c"> / Mar&#xED;a Bertely Busquets</subfield>
  </datafield>
  <datafield tag="260" ind1=" " ind2=" ">
    <subfield code="a">M&#xE9;xico</subfield>
    <subfield code="b"> : Paid&#xF3;s</subfield>
    <subfield code="c"> , 2000</subfield>
  </datafield>
  <datafield tag="300" ind1=" " ind2=" ">
    <subfield code="a">131 p&#xE1;ginas</subfield>
    <subfield code="b">cuadros</subfield>
  </datafield>
  <datafield tag="490" ind1=" " ind2=" ">
    <subfield code="a">Maestros y Ense&#xF1;anza, 6</subfield>
  </datafield>
  <datafield tag="504" ind1=" " ind2=" ">
    <subfield code="a">Incluye: Bibliograf&#xED;a (pp. 117-131)</subfield>
  </datafield>
  <datafield tag="505" ind1=" " ind2=" ">
    <subfield code="a">Supuestos epistemol&#xF3;gicos de un enfoque etnogr&#xE1;fico en educaci&#xF3;n
Investigaci&#xF3;n etnogr&#xE1;fica en escuelas y salones de clases: la entrada al campo
Construcci&#xF3;n de un objetivo etnogr&#xE1;fico en educaci&#xF3;n
Retos, s&#xED;ntesis y propuestas en la formaci&#xF3;n de etn&#xF3;grafos educativos: conclusi&#xF3;n</subfield>
  </datafield>
  <datafield tag="519" ind1=" " ind2=" ">
    <subfield code="a">Educaci&#xF3;n Mixta / </subfield>
    <subfield code="b">Pedagog&#xED;a / </subfield>
    <subfield code="c">Planeaci&#xF3;n Prospectiva (P14-3) / </subfield>
    <subfield code="d">(17 001662) </subfield>
  </datafield>
  <datafield tag="650" ind1="1" ind2=" ">
    <subfield code="a">ANTROPOLOG&#xCD;A EDUCATIVA</subfield>
  </datafield>
  <datafield tag="650" ind1="2" ind2=" ">
    <subfield code="a">COMUNIDAD Y ESCUELA</subfield>
  </datafield>
  <datafield tag="650" ind1="3" ind2=" ">
    <subfield code="a">EDUCACI&#xD3;N </subfield>
    <subfield code="x">METAS Y OBJETIVOS</subfield>
  </datafield>
  <datafield tag="650" ind1="4" ind2=" ">
    <subfield code="a">SOCIOLOG&#xCD;A </subfield>
    <subfield code="x">EDUCACI&#xD3;N</subfield>
  </datafield>
  <datafield tag="942" ind1=" " ind2=" ">
    <subfield code="c">LB</subfield>
  </datafield>
</record>
